000 00984nam a2200277Ia 4500
003 OSt
005 20221005103752.0
006 a|||||r|||| 00| 0
007 ta
008 221004b |||||||| |||| 00| 0 hin d
020 _a9788189982508 (hbk)
_cIndian Rupees 150
024 _a44159
037 _bGift, 06/06/2019,
_cTextual
040 _aCRL
_cCRL
_bhin
041 _2hin
_ahin
082 _aP1520aX:8, 152Q3
100 _aतिवारी, भोलानाथ, ले.
245 0 _aव्यावसायिक हिन्दी
246 _aVyāvasāyik hindī
260 _aदिल्ली
_bआर्य प्रकाशन मंडल भारत
_c2013
300 _a116पृ0
_ccm.
650 _a अर्थशास्त्र
650 _aहिन्दी भाषा
942 _hP1520aX:8, 152Q3
_cTEXL
_2cc
999 _c1010854
_d1010854